000 00966nac a22002897a 4500
001 BR7703566
003 BR-BrBNA
005 20240105114107.0
008 230509b bl.|||m| |||| 00| 0 por d
040 _aBR-BrBNA
_bpor
_cBiblioteca Nacional de Agricultura
072 _aP10; N20
090 _a4630 BR7703566
110 1 _aFundacao Estadual de Engenharia do Meio Ambiente, Rio de Janeiro, RJ (Brasil)
_94883
245 1 _aDesinfeccao de aguas de abastecimento. v. 2 - Sistemas de cloracao [Tratamento da agua; Cloro; Equipamento rural]
260 3 _aRio de Janeiro, RJ (Brasil):
_c1977.
300 _a109 p.
490 _aCadernos FEEMA. Serie Didatica (Brazil)
_vno. 45/76
_x
650 _aRecurso hidrico
650 _aEquipamento rural
650 _aAgua
650 _aTratamento da agua
650 _aCloro
650 _aMecanizacao agricola
650 _aAutomacao
909 _a202312
_bLúcia Elande
_c55
_dLúcia Elande
942 _2AGRIS
_n0
_cMS
999 _c267357
_d267357